Coalition and future war: A dynamic study of coopration and conflict (Record no. 201443)

MARC details
000 -LEADER
fixed length control field 00417nam a2200157Ia 4500
008 - FIXED-LENGTH DATA ELEMENTS--GENERAL INFORMATION
fixed length control field 230917s9999||||xx |||||||||||||| ||und||
020 ## - ISBN
Price POU1.75
040 ## - CATALOGING SOURCE
-- 8523
Original cataloging agency VIVEKANANDA LIBRARY
041 ## - Language
-- English
082 ## - DDC NUMBER
Classification number 327.11 S28C
100 ## - MAIN ENTRY--PERSONAL NAME
Personal name Starr, Harvey
245 #0 - TITLE STATEMENT
Title Coalition and future war: A dynamic study of coopration and conflict
260 ## - PUBLICATION, DISTRIBUTION, ETC. (IMPRINT)
Place of publication, distribution, etc London
Name of publisher, distributor, etc Sage Publications
Date of publication, distribution, etc 1975
300 ## - PHYSICAL DESCRIPTION
Pages 71 p.
942 ## - ADDED ENTRY ELEMENTS (KOHA)
Koha item type Books
Holdings
Withdrawn status Lost status Damaged status Not for loan Location (home branch) Sublocation or collection (holding branch) Date acquired Koha issues (times borrowed) Koha full call number Accession No. Koha date last seen Koha item type
        VIVEKANANDA LIBRARY VIVEKANANDA LIBRARY 08/08/2002   327.11 S28C 60636 17/09/2023 Books
© Designed and Maintained by Vivekananda Library, MDU Rohtak